Effects of trans-polyoctylene rubber on rheological and green tensile properties of natural rubber/acrylonitrile-butadiene rubber blends (Record no. 45531)

MARC details
000 -LEADER
fixed length control field 00545nam a2200169Ia 4500
100 ## - MAIN ENTRY--AUTHOR NAME
Personal name Nah Changwoon
245 #0 - TITLE STATEMENT
Title Effects of trans-polyoctylene rubber on rheological and green tensile properties of natural rubber/acrylonitrile-butadiene rubber blends
260 ## - PUBLICATION, DISTRIBUTION, ETC. (IMPRINT)
Name of publisher Polymer International
Year of publication 2002
300 ## - PHYSICAL DESCRIPTION
Number of Pages 245-252
650 ## - SUBJECT ADDED ENTRY--TOPICAL TERM
Topical Term Die swell
650 ## - SUBJECT ADDED ENTRY--TOPICAL TERM
Topical Term NR/NBR blends
650 ## - SUBJECT ADDED ENTRY--TOPICAL TERM
Topical Term Rheological property
650 ## - SUBJECT ADDED ENTRY--TOPICAL TERM
Topical Term Tensile property
650 ## - SUBJECT ADDED ENTRY--TOPICAL TERM
Topical Term trans-polyoctylene (TOR)
942 ## - ADDED ENTRY ELEMENTS (KOHA)
Koha item type Reprints
Holdings
Withdrawn status Lost status Damaged status Not for loan Home library Current library Shelving location Date acquired Serial Enumeration / chronology Accession Number Koha item type
      Reprints RRII Library RRII Library Rubber chemistry 22/12/2021 Volume 51, Issue P01539 Reprints